000
00327nam a2200145Ia 4500
008
180921t xxu||||| |||| 00| 0 eng d
041
_a
eng
080
_a
651.93
_b
ISR
100
_a
Israen, P.D.
245
_a
Tamil shorthand
300
_a
24p., 22 cm
942
_c
BK
999
_c
18851
_d
18851
003
LK-CoDNM
040
_a
LK-CoDNM
_d
LK-CoDNM
_e
LK-CoDNM